[Event "SVK-ch Amateurs"]
[Site "Liptovsky Jan"]
[Date "2023.06.18"]
[Round "8"]
[White "Mrmusova, Magdalena"]
[Black "Petak, Tibor"]
[Result "0-1"]
[WhiteElo "1441"]
[BlackElo "1729"]
[PlyCount "51"]
[EventDate "2023.06.15"]
[EventType "swiss"]
[EventRounds "8"]
[EventCountry "SVK"]
[SourceTitle "CBM 214 Extra"]
[Source "ChessBase"]
[SourceDate "2023.07.31"]
[SourceVersion "1"]
[SourceVersionDate "2023.07.31"]
[SourceQuality "1"]

1. e4 e5 2. Nf3 Nc6 3. d4 exd4 4. Bc4 Bb4+ 5. c3 dxc3 6. 0-0 Nf6 7. e5 d5 8. Bb3 Nd7 9. Qxd5 0-0 10. bxc3 Be7 11. e6 fxe6 12. Qxe6+ Kh8 13. Rd1 Bd6 14. Ng5 Nde5 15. Qd5 Qf6 16. f4 Ne7 17. Qe4 N7g6 18. Be3 Ng4 19. Bd4 Qxf4 20. Qxf4 Nxf4 21. Nf7+ Rxf7 22. Bxf7 Ne2+ 23. Kh1 Bxh2 24. g3 Bxg3 25. Bxa7 Bf5 26. Bd4 0-1

[Event "SVK-ch Amateurs"]
[Site "Liptovsky Jan"]
[Date "2023.06.17"]
[Round "5"]
[White "Petak, Tibor"]
[Black "Muller, Maxime"]
[Result "1-0"]
[WhiteElo "1729"]
[BlackElo "1974"]
[PlyCount "43"]
[EventDate "2023.06.15"]
[EventType "swiss"]
[EventRounds "8"]
[EventCountry "SVK"]
[SourceTitle "CBM 214 Extra"]
[Source "ChessBase"]
[SourceDate "2023.07.31"]
[SourceVersion "1"]
[SourceVersionDate "2023.07.31"]
[SourceQuality "1"]

1. c4 e6 2. e3 d5 3. Nf3 Nf6 4. Nc3 Bd6 5. d4 b6 6. cxd5 exd5 7. Bd3 Nbd7 8. Qc2 a6 9. 0-0 0-0 10. e4 dxe4 11. Nxe4 Be7 12. Ne5 Bb7 13. Nc6 Bxc6 14. Qxc6 Nxe4 15. Bxe4 Rc8 16. Bf5 Nf6 17. Bxc8 Qxc8 18. Bf4 Qf5 19. Be5 Rc8 20. Rfe1 h5 21. Bxf6 Qxf6 22. Qd7 1-0

[Event "SVK-ch Amateurs"]
[Site "Liptovsky Jan"]
[Date "2023.06.15"]
[Round "1"]
[White "Petak, Tibor"]
[Black "Lehocky, Ondrej"]
[Result "0-1"]
[WhiteElo "1729"]
[BlackElo "1000"]
[PlyCount "92"]
[EventDate "2023.06.15"]
[EventType "swiss"]
[EventRounds "8"]
[EventCountry "SVK"]
[SourceTitle "CBM 214 Extra"]
[Source "ChessBase"]
[SourceDate "2023.07.31"]
[SourceVersion "1"]
[SourceVersionDate "2023.07.31"]
[SourceQuality "1"]

1. c4 e5 2. g3 Nf6 3. Bg2 Nc6 4. Nc3 Bb4 5. Nf3 0-0 6. 0-0 d6 7. d3 Rb8 8. a3 Bxc3 9. bxc3 h6 10. Rb1 Bd7 11. Be3 Ng4 12. Bd2 Ne7 13. h3 Nf6 14. e4 c5 15. Be3 Qa5 16. Qc1 Kh7 17. Nd2 b5 18. f4 Nh5 19. Kh2 exf4 20. gxf4 f5 21. e5 dxe5 22. Bxc5 Rf7 23. Bd6 Rg8 24. Bxe5 g5 25. Nb3 Qd8 26. cxb5 Bxb5 27. c4 Bc6 28. Qd1 Nxf4 29. Bxc6 Nxc6 30. Bxf4 gxf4 31. d4 Rfg7 32. Rb2 Qh4 33. Qd3 Ne7 34. Rf3 Rg3 35. Qf1 Rxf3 36. Qxf3 Rg3 37. Qf1 f3 38. Rf2 Qf4 39. Kh1 Qh4 40. Kh2 Qf4 41. Kh1 Ng6 42. d5 Ne5 43. Nd2 Qh4 44. Nxf3 Rxh3+ 45. Nh2 Ng4 46. Rg2 Rxh2+ 0-1